Documentos internacionales del Reinado de Doña Isabel II desde 1842 a 1868 / (Record no. 153719)

MARC details
000 -LEADER
campo de control de longitud fija 01042nam a22002535i 4500
001 - NÚMERO DE CONTROL
campo de control 153719
003 - IDENTIFICADOR DE NÚMERO DE CONTROL
campo de control ES-MaACL
005 - FECHA Y HORA DE LA ÚLTIMA TRANSACCIÓN
campo de control 20250827062627.0
008 - DATOS DE LONGITUD FIJA--INFORMACIÓN GENERAL
campo de control de longitud fija 970612s1869 sp |||| | spa d
040 ## - FUENTE DE CATALOGACIÓN
Centro catalogador/agencia de origen CLM
Lengua de catalogación spa
Centro/agencia transcriptor CLM
110 1# - ENTRADA PRINCIPAL--NOMBRE DE ENTIDAD CORPORATIVA
Nombre de entidad corporativa o nombre de jurisdicción como elemento de entrada España
9 (RLIN) 3622
240 #0 - TÍTULO UNIFORME
Título uniforme Tratados, etc.
245 10 - MENCIÓN DEL TÍTULO
Título Documentos internacionales del Reinado de Doña Isabel II desde 1842 a 1868 /
Mención de responsabilidad, etc. coleccion publicada de órden del Excmo. Sr. Ministro de Estado ; con un discurso preliminar por Don Florencio Janer.
260 ## - PUBLICACIÓN, DISTRIBUCIÓN, ETC.
Lugar de publicación, distribución, etc. Madrid :
Nombre del editor, distribuidor, etc. [s.n.],
Fecha de publicación, distribución, etc. 1869 (
Fabricante imprenta de Miguel Ginesta)
300 ## - DESCRIPCIÓN FÍSICA
Extensión XXIV, 510, [2] en bl., 40 p. ;
Dimensiones 27 cm.
490 1# - MENCIÓN DE SERIE
Mención de serie Tratados de España
505 8# - NOTA DE CONTENIDO CON FORMATO
Nota de contenido con formato Incluye "Apéndice a la coleccion de documentos internacionales del Reinado de Doña Isabel II"
597 #1 - NOTA DE DESCRIPCIÓN FÍSICA
NOTA DE DESCRIPCIÓN FÍSICA Texto a dos col.
650 04 - PUNTO DE ACCESO ADICIONAL DE MATERIA--TÉRMINO DE MATERIA
Término de materia o nombre geográfico como elemento de entrada Tratados internacionales-
Subdivisión geográfica España.
9 (RLIN) 17642
700 1# - ENTRADA AGREGADA--NOMBRE PERSONAL
Nombre de persona Janer, Florencio,
Fechas asociadas al nombre 1831-1877
9 (RLIN) 66005
830 0# - PUNTO DE ACCESO ADICIONAL DE SERIE-TÍTULO UNIFORME
Título uniforme Tratados de España
9 (RLIN) 221436
852 ## - LOCALIZACIÓN
Ubicación ES-MaACL
Número de control de estantería B-4765
Nota libre -- Enc. hol.
Holdings
Estatus retirado Estado de pérdida Estado de daño No para préstamo Colección Biblioteca de origen Biblioteca actual Ubicación en estantería Fecha de adquisición Fuente de adquisición Total de préstamos Signatura topográfica completa Código de barras Visto por última vez Precio de reemplazo Tipo de ítem Koha
        Libros del s. XIX Biblioteca del Ateneo de Madrid Biblioteca del Ateneo de Madrid Sala Pardo Bazán 17/01/2008     B-4765 1160704 23/02/2023 23/02/2023 Libro impreso antiguo